Responses for show #5168 - Wednesday, February 14, 2007

2007 Teen Tournament semifinal game 3.

Contestants

Stephen Fritz, a sophomore from Lexington, Kentucky

Frank Firke, a junior from Chicago, Illinois

Heidi Fogle, a senior from Overland Park, Kansas

Jeopardy! Round responses

COUNTRIES BY CITIES
THE CW
THEME PARK FUN
DESCRIBING THE VICE PRESIDENT
FAST FOOD NATION
OO, SORRY!
(Alex: Each correct response will have the "oo" sound, but not the double "O"s. Keep that in mind.)
    $200 1
Israel

Stephen
    $200 7
America's Next Top Model

Heidi
    $200 19
October

Frank
    $200 6
Teddy Roosevelt

Frank
    $200 14
McDonald's

Frank
    $200 20
two

Stephen
    $400 2
Canada

Frank
    $400 8
One Tree Hill

Triple Stumper
    $400 21
Tokyo

Heidi
    $400 10
Al Gore

Stephen
    $400 15
Taco Bell

Stephen
    $400 23
canoes

Heidi
    $600 3
Poland

Frank
    $600 9
Everybody Hates Chris

Frank
    $600 22
Thanksgiving

Frank
    $600 11
(Frank: Who is Adams?)
(Alex: Which one?)
(Frank: [*]. The original.)

John Adams

Frank
    $600 16
Burger King

Stephen
    $600 24
(Frank: What is kung fu?)
(Stephen: What is jujitsu?)
(Alex: No--well, we'll accept that. [*] was the one we were going for, but jujitsu is acceptable.)

judo (jujitsu accepted)

FrankStephen
    $800 4
Kenya

Frank
    $800 29
Veronica Mars

Heidi
    $800 25
Universal Studios

Stephen
    $800 12
Aaron Burr

Frank
    $800 17
Dairy Queen

Frank
    $800 27
buoys

Stephen
    $1000 5
the Netherlands

Stephen
    $1000 30
Supernatural

Heidi
    $1000 26
Virginia

Stephen
    $1000 13
(Hubert) Humphrey

Stephen
    $1000 18
Sonic

Stephen
    $796 28
a lieutenant

Stephen

Scores at the first commercial break (after clue 15):

Heidi Frank Stephen
$200 $4,200 $3,000

Scores at the end of the Jeopardy! Round:

Heidi Frank Stephen
$2,800 $5,200 $8,796

Double Jeopardy! Round responses

BOOKS & AUTHORS
OSCAR YOUTH
U.S. COINS
MOUNTAINS
COLORS IN ITALIAN
"QUE" TIPS
(Alex: Each correct response will end in those three letters.)
    $400 26
The End

Triple Stumper
    $400 1
(Stephen: Who is Kidman?)
(Alex: No.)
(Stephen: [Under his breath] Oh, fuck!)

Natalie Portman

HeidiStephen
    $400 14
Jefferson

Frank
    $400 21
Mount Sinai

Stephen
    $400 6
blue

Stephen
    $400 3
a mosque

Heidi
    $800 27
Princess Mia

Triple Stumper
    $800 2
whales

Frank
    $800 15
the eagle

Frank
    $800 22
Pikes Peak

Heidi
    $800 7
yellow

Stephen
    $800 9
plaque

Heidi
    $1200 28
Aprils

Frank
    $1200 4
(Haley Joel) Osment

Heidi
    $1200 16
half dollars

Stephen
    $1200 23
Mount Everest

Stephen
    $1200 8
brown

Frank
    $1200 11
unique

Frank
    $1600 29
Fahrenheit 451

Stephen
    $1600 5
Shirley Temple

Stephen
    $1600 19
one dollar

Heidi
    $1600 24
Mount Fuji

Stephen
    $1600 17
orange

Heidi
    $1600 12
physique

Frank
    $2000 30
The Book Thief

Triple Stumper
    $2000 10
(Heidi: Who is Hathaway?)

Kate Winslet

Heidi
Triple Stumper
    $2000 20
ratify the U.S. Constitution

Heidi
    $2000 25
the Matterhorn

Frank
    $5,200 18
silver

Heidi
    $7,500 13
Mozambique

Frank

Scores at the end of the Double Jeopardy! Round:

Heidi Frank Stephen
$14,800 $21,900 $17,196

[wagering suggestions for these scores]

Final Jeopardy! Round responses

ORGANIZATIONS
HeidiWhat is the [American crossed out] Red Cross?
$14,800
StephenWhat is the Red Cross?
$17,193
FrankWhat is the International Red Cross??
$12,395
the (International) Red Cross

Final scores:

Heidi Frank Stephen
$29,600 $34,295 $34,389
3rd place: $10,000 2nd place: $10,000 Finalist

Game dynamics:

Coryat scores:

Heidi Frank Stephen
$11,600 $16,400 $17,400
14 R
(including 1 DD),
1 W
20 R
(including 1 DD),
1 W
21 R
(including 1 DD),
1 W

Combined Coryat: $45,400

The J! Archive is created by fans, for fans. The Jeopardy! game show and all elements thereof, including but not limited to copyright and trademark thereto, are the property of Jeopardy Productions, Inc. and are protected under law. This website is not affiliated with, sponsored by, or operated by Jeopardy Productions, Inc. Join the discussion at JBoard.tv.